[Event "DEN-chT U15 Girls"]
[Site "Skanderborg"]
[Date "2020.01.18"]
[Round "2"]
[White "Marzec, Zofia Izabella"]
[Black "Nim, Klara Lund"]
[Result "1-0"]
[WhiteElo "1091"]
[BlackElo "1000"]
[PlyCount "115"]
[EventDate "2020.01.17"]
[EventType "swiss"]
[EventRounds "5"]
[EventCountry "DEN"]
[SourceTitle "EXT 2025"]
[Source "ChessBase"]
[SourceDate "2024.10.14"]
[SourceVersion "1"]
[SourceVersionDate "2024.10.14"]
[SourceQuality "1"]

1. e4 c5 2. Nc3 Nc6 3. Nf3 Nf6 4. Bb5 a6 5. Bxc6 bxc6 6. d3 g6 7. 0-0 Bg7 8. Re1 0-0 9. Bf4 d6 10. Qd2 Nd7 11. h3 e5 12. Bg5 f6 13. Bh4 Rf7 14. a3 Qf8 15. b4 Bh6 16. Qe2 g5 17. Bg3 cxb4 18. axb4 Rb8 19. Rab1 d5 20. exd5 cxd5 21. Nxd5 Nb6 22. Nxb6 Rxb6 23. Qe3 Rxb4 24. Rxb4 Qxb4 25. c4 Qf8 26. Rb1 g4 27. Qe4 gxf3 28. Qxf3 f5 29. Bxe5 Re7 30. Qg3+ Bg7 31. Bd4 f4 32. Bxg7 Rxg7 33. Qf3 Bb7 34. Rxb7 Rg6 35. Qd5+ Kh8 36. Rd7 h6 37. Rd8 Qg8 38. Rxg8+ Rxg8 39. Qe5+ Kh7 40. Qxf4 a5 41. Qd6 Ra8 42. Qc6 Ra7 43. Qa4 Kh8 44. Kf1 Kh7 45. Ke2 Re7+ 46. Kd2 Ra7 47. Kc3 Rf7 48. Qxa5 Rxf2 49. Qa6 Rxg2 50. Qf6 Rg6 51. Qe7+ Rg7 52. Qe4+ Kh8 53. Qe5 Kh7 54. h4 Rg4 55. Qf5+ Rg6 56. h5 Kg8 57. hxg6 Kh8 58. Qf8# 1-0

[Event "DEN-chT U15 Girls"]
[Site "Skanderborg"]
[Date "2020.01.17"]
[Round "1"]
[White "Nim, Klara Lund"]
[Black "Gaardland, Mille Ostoft"]
[Result "1/2-1/2"]
[WhiteElo "1000"]
[BlackElo "865"]
[PlyCount "66"]
[EventDate "2020.01.17"]
[EventType "swiss"]
[EventRounds "5"]
[EventCountry "DEN"]
[SourceTitle "EXT 2025"]
[Source "ChessBase"]
[SourceDate "2024.10.14"]
[SourceVersion "1"]
[SourceVersionDate "2024.10.14"]
[SourceQuality "1"]

1. e4 d5 2. exd5 Nf6 3. Bb5+ Bd7 4. Bc4 e6 5. Qe2 Qe7 6. Nc3 c6 7. dxe6 Bxe6 8. d3 Bxc4 9. Qxe7+ Bxe7 10. dxc4 0-0 11. Nf3 Re8 12. 0-0 Nbd7 13. Re1 Bc5 14. Be3 Bxe3 15. fxe3 Ne4 16. Nxe4 Rxe4 17. b3 Rae8 18. Kf2 Nf6 19. Rad1 h6 20. h3 Nh5 21. g4 Nf6 22. Rd3 b5 23. cxb5 cxb5 24. Nd2 R4e6 25. e4 Nxe4+ 26. Nxe4 Rxe4 27. Rde3 a5 28. Rxe4 Rd8 29. R4e2 a4 30. Re7 Rd2+ 31. Kf1 axb3 32. Re8+ Kh7 33. axb3 Rxc2 1/2-1/2